Demographic trends in Hong Kong 1981-2001

Salvato in:
Dettagli Bibliografici
Natura: Libro
Lingua:inglese
cinese
Pubblicazione: Hongkong Census and Statistics Department [2002]
Soggetti:
Tags: Aggiungi Tag
Nessun Tag, puoi essere il primo ad aggiungerne!!

MARC

LEADER 00000nam a2200000 4500
001 c143011
005 20251103113831.8
041 0 |a eng 
041 0 |a chi 
044 |a CN 
245 1 0 |a Demographic trends in Hong Kong 1981-2001 
264 1 |a Hongkong  |b Census and Statistics Department  |c [2002] 
300 |a 129 s. 
610 2 0 |a Hongkong 
610 2 0 |a vývoj populačný 
610 2 0 |a ukazovatele demografické